Clic Louis XIV - grandes dates - Statistiques

Statistiques générales
  • Ce quiz a été pris 74 fois
  • Le résultat moyen est 9 sur 43
Statistiques - réponses
Hint Explanation Réponse % Correct
Naissance à Saint-Germain-en-Laye 5 septembre 1638
90%
Louis XIV devient roi de France 14 mai 1643
77%
Mort de Louis XIV 1er septembre 1715
46%
Mort du cardinal de Richelieu 4 décembre 1642
40%
Mort du cardinal Mazarin 9 mars 1661
40%
Naissance de son frère Philippe 21 septembre 1640
37%
Louis XIV est déclaré majeur 7 septembre 1651
37%
Mariage à Saint-Jean-de-Luz avec Marie-Thérèse d'Autriche 9 juin 1660
29%
Début de la Guerre de Hollande 6 avril 1672
29%
Signature du Traité d'Aix-la-Chapelle 2 mai 1668
27%
Révocation de l'Edit de Nantes 18 octobre 1685
27%
Signature du Traité des Pyrénées 7 novembre 1659
25%
Début de la Guerre de Dévolution car l'Espagne n'a pas payé la dot de l'infante 24 mai 1667
23%
Début de la guerre de succession d'Espagne 7 juillet 1701
23%
Signature du Traité de Nimègue entre le 10 août et le 26 novembre selon les pays 1678
19%
Naissance du futur Louis XV 15 février 1710
19%
Signature du Traité de Rastatt 6 mars 1714
19%
Couronnement 7 juin 1654
17%
Victoire de Turckheim 5 janvier 1675
17%
Mort de la reine Marie-Thérèse 30 juillet 1683
17%
Mort du duc de Bourgogne, Dauphin de France 18 février 1712
17%
Début de la Guerre de succession d'Espagne 3 juillet 1702
15%
Mort de la mère de Louis XIV, Anne d'Autriche 20 janvier 1666
13%
Louis XIV est dans les Flandres et s'empare de Condé et Bouchain Avril et mai 1676
12%
Phlippe d'Anjou,petit-fils de Louis XIV devient roi d'Espagne 16 novembre 1700
12%
Signature du Traité d'Utrecht 11 avril 1713
12%
Louis XIV revient dans Paris qu'il avait du fuir l'année précédente 21 octobre 1652
10%
Québec devient une colonie de la Couronne de France 24 février 1663
10%
Condamnation de Fouquet au bannissement commuée en détention à vie par le Louis XIV 20 décembre 1664
10%
Victoire de Maastricht 29 juin 1673
10%
Traité de Ryswick sur la succession au trône d'Angleterre 20 septembre 1697
10%
Bataille de Malplaquet 11 septembre 1709
10%
Mort du Grand dauphin, seul fils légitime survivant de Louis XIV 14 avril 1711
10%
Louis XIV est atteint de la variole 10 septembre 1647
8%
Nicolas Fouquet devient surintendant des Finances 7 février 1653
8%
La maîtresse du roi, Louise de La Vallière quitte la cour juillet 1674
8%
Dissolution de la Chambre ardente qui a jugé de l'Affaire des Poisons depuis 1676 1682
8%
Victoire de Lens par le prince de Condé 20 août 1648
6%
Nicolas Fouquet meurt en détention 23 mars 1680
6%
Victoire de Nordlingen par Condé et Turenne 3 août 1645
4%
Madame de Montespan, maîtresse du roi, se retire de la Cour 1691
4%
Louis XIV fait sa 1ère communion à Paris 25 décembre 1649
2%
Louis XIV fait une grave intoxication alimentaire 30 juin 1658
2%
Aucun quiz correspondant
Distribution des résultats
% des personnes avec chaque résultat
Percentile par nombre de réponses
Votre historique - résultats
Vous n’avez pas pris ce quiz